[Event "MGL-ch (Women) 45th"]
[Site "Ulaanbaatar"]
[Date "2013.04.13"]
[Round "12"]
[White "Bayarmaa, Bayarjargal"]
[Black "Yanjindulan, Dolgorsuren"]
[Result "1/2-1/2"]
[WhiteElo "2013"]
[BlackElo "2226"]
[PlyCount "159"]
[EventDate "2013.04.06"]
[EventType "tourn"]
[EventRounds "13"]
[EventCountry "MGL"]
[SourceTitle "CBM 153 Extra"]
[Source "ChessBase"]
[SourceDate "2013.04.22"]
[SourceVersion "1"]
[SourceVersionDate "2013.04.22"]
[SourceQuality "1"]

1. d4 Nf6 2. c4 c5 3. d5 b5 4. cxb5 a6 5. bxa6 d6 6. Nc3 g6 7. Nf3 Bg7 8. g3 0-0 9. Bg2 Bf5 10. Nd2 Nxa6 11. 0-0 Nb4 12. e4 Bg4 13. Nf3 Qd7 14. a3 Na6 15. Qc2 e6 16. dxe6 fxe6 17. Nd2 e5 18. Nc4 Rfb8 19. Bg5 Nc7 20. Qd2 Nfe8 21. Rfc1 Be6 22. Bf1 Bf7 23. Rd1 Ne6 24. Be3 Nd4 25. Bxd4 exd4 26. Nd5 Bxd5 27. exd5 Nc7 28. Qg5 Rb3 29. Rd3 Rxd3 30. Bxd3 Rf8 31. Re1 Qf7 32. Re2 Qf3 33. Qd2 Qxd5 34. Qc2 Qc6 35. b4 Kh8 36. Na5 Qf3 37. bxc5 dxc5 38. Nb3 Nd5 39. Be4 Qh5 40. Re1 Nc3 41. Na5 Qe5 42. Kf1 Qe6 43. Qd3 Qa2 44. Qc2 Qxa3 45. Nc4 Qa6 46. Bd3 Qf6 47. Kg1 Nd5 48. Ne5 Qd6 49. Nc4 Qf6 50. Qd2 Nb4 51. Bf1 Qf5 52. Rc1 Nd5 53. Nd6 Qe6 54. Nb7 Nc3 55. Nxc5 Qf5 56. Nd3 Ne4 57. Qb2 Ng5 58. Nf4 Nf3+ 59. Kh1 d3 60. Qb7 Ne5 61. Qd5 g5 62. Bh3 g4 63. Bf1 Qg5 64. Nxd3 Qh6 65. Rc5 Nf3 66. Qh5 Qe6 67. Qd5 Qf6 68. Nf4 Qa1 69. Kg2 Ne1+ 70. Kg1 Nf3+ 71. Kg2 Ne1+ 72. Kg1 Bd4 73. Rc4 Nf3+ 74. Kg2 Ne1+ 75. Kg1 Nf3+ 76. Kg2 Ne1+ 77. Kg1 Nf3+ 78. Kg2 Ne1+ 79. Kg1 Nf3+ 80. Kg2 1/2-1/2

[Event "MGL-ch (Women) 45th"]
[Site "Ulaanbaatar"]
[Date "2013.04.10"]
[Round "8"]
[White "Anu, Bayar"]
[Black "Yanjindulan, Dolgorsuren"]
[Result "0-1"]
[WhiteElo "2010"]
[BlackElo "2226"]
[PlyCount "98"]
[EventDate "2013.04.06"]
[EventType "tourn"]
[EventRounds "13"]
[EventCountry "MGL"]
[SourceTitle "CBM 153 Extra"]
[Source "ChessBase"]
[SourceDate "2013.04.22"]
[SourceVersion "1"]
[SourceVersionDate "2013.04.22"]
[SourceQuality "1"]

1. d4 Nf6 2. c4 c5 3. d5 b5 4. cxb5 a6 5. Nc3 axb5 6. e4 b4 7. Nb5 d6 8. Bf4 g5 9. Be3 Bg7 10. Bd3 h6 11. Ne2 Ng4 12. Bc1 Bd7 13. Ng3 Ne5 14. Be2 Ng6 15. 0-0 Be5 16. a4 0-0 17. Rb1 Be8 18. Nf5 Kh7 19. Bd3 e6 20. Ne3 Nf4 21. Bc4 Qe7 22. Ng4 Nd7 23. g3 Ng6 24. dxe6 fxe6 25. Nc7 Nb6 26. Nxa8 Nxc4 27. Qd3 h5 28. Qxc4 hxg4 29. Qa6 Bd4 30. Be3 Ne5 31. Qb6 Qf6 32. Qxd6 Bc6 33. Bxd4 Nf3+ 34. Kh1 Nxd4 35. f3 Bxa8 36. Qxc5 gxf3 37. Rf2 Bxe4 38. Rd1 e5 39. Re1 Ne2 40. Qe3 Bc6 41. Qd3+ Kh8 42. a5 Bb7 43. Qd7 Rf7 44. Qe8+ Kg7 45. Rd1 Nd4 46. Qa4 e4 47. Re1 Re7 48. Re3 Nf5 49. Qxb4 Nxe3 0-1

[Event "MGL-ch (Women) 45th"]
[Site "Ulaanbaatar"]
[Date "2013.04.07"]
[Round "3"]
[White "Battsengel, Shirchin"]
[Black "Yanjindulan, Dolgorsuren"]
[Result "0-1"]
[WhiteElo "2031"]
[BlackElo "2226"]
[PlyCount "70"]
[EventDate "2013.04.06"]
[EventType "tourn"]
[EventRounds "13"]
[EventCountry "MGL"]
[SourceTitle "CBM 153 Extra"]
[Source "ChessBase"]
[SourceDate "2013.04.22"]
[SourceVersion "1"]
[SourceVersionDate "2013.04.22"]
[SourceQuality "1"]

1. d4 Nf6 2. c4 g6 3. Nc3 Bg7 4. e4 d6 5. f4 0-0 6. Nf3 c5 7. d5 e6 8. dxe6 Bxe6 9. Bd3 Nc6 10. 0-0 Bg4 11. Be3 Qb6 12. Qd2 Bxf3 13. gxf3 Rfe8 14. Rad1 Nh5 15. b3 Qd8 16. Nd5 Qd7 17. Kh1 Nd4 18. Qg2 Rf8 19. Bb1 Kh8 20. Qg4 Qd8 21. Qh3 a6 22. Rg1 Ne2 23. Rg2 Nc3 24. Nxc3 Bxc3 25. Rg5 Qe7 26. Rgd5 Rad8 27. f5 Be5 28. Rg1 Qe8 29. Qh4 b5 30. Bh6 Rg8 31. f4 Bd4 32. Re1 bxc4 33. bxc4 Rb8 34. Rxd6 Rxb1 35. fxg6 Qxe4# 0-1

[Event "Olympiad Women-40"]
[Site "Istanbul"]
[Date "2012.09.07"]
[Round "10.3"]
[White "Yanjindulan, Dolgorsuren"]
[Black "Foisor, Sabina Francesca"]
[Result "1/2-1/2"]
[WhiteElo "2232"]
[BlackElo "2356"]
[PlyCount "94"]
[EventDate "2012.08.28"]
[EventType "team-swiss"]
[EventRounds "11"]
[EventCountry "TUR"]
[SourceTitle "CBM 150 Extra"]
[Source "ChessBase"]
[SourceDate "2012.10.19"]
[SourceVersion "1"]
[SourceVersionDate "2012.10.19"]
[SourceQuality "1"]
[WhiteTeam "Mongolia (W)"]
[BlackTeam "United States (W)"]
[WhiteTeamCountry "MGL"]
[BlackTeamCountry "USA"]

1. e4 c5 2. Nf3 e6 3. c3 d5 4. e5 Nc6 5. d4 Qb6 6. a3 Bd7 7. b4 cxd4 8. cxd4 Rc8 9. Bb2 Na5 10. Nbd2 Nc4 11. Nxc4 dxc4 12. Qd2 Ne7 13. Rc1 Qa6 14. Be2 b5 15. 0-0 Qb7 16. Ne1 Bc6 17. f4 g6 18. Bf3 h5 19. Bxc6+ Rxc6 20. Nf3 Nd5 21. Ng5 a5 22. Bc3 axb4 23. axb4 Be7 24. Ne4 Ra6 25. Ra1 Rxa1 26. Rxa1 Nxc3 27. Nxc3 Bxb4 28. Rb1 Bxc3 29. Qxc3 0-0 30. Qxc4 Qe4 31. Qxb5 Qxd4+ 32. Kh1 Qxf4 33. Rf1 Qd4 34. h3 Qd5 35. Qb2 Ra8 36. Qf2 Qd7 37. Qf6 Qe8 38. Rd1 Qf8 39. h4 Qg7 40. Qf4 Rc8 41. Rb1 Rf8 42. Rb7 g5 43. hxg5 Qg6 44. Kh2 Kg7 45. Rb3 Rd8 46. Rf3 Rd5 47. Kh3 Qf5+ 1/2-1/2

[Event "Olympiad Women-40"]
[Site "Istanbul"]
[Date "2012.09.04"]
[Round "7.3"]
[White "Dauletova, Gulmira"]
[Black "Yanjindulan, Dolgorsuren"]
[Result "1-0"]
[WhiteElo "2267"]
[BlackElo "2232"]
[PlyCount "189"]
[EventDate "2012.08.28"]
[EventType "team-swiss"]
[EventRounds "11"]
[EventCountry "TUR"]
[SourceTitle "CBM 150 Extra"]
[Source "ChessBase"]
[SourceDate "2012.10.19"]
[SourceVersion "1"]
[SourceVersionDate "2012.10.19"]
[SourceQuality "1"]
[WhiteTeam "Kazakhstan (W)"]
[BlackTeam "Mongolia (W)"]
[WhiteTeamCountry "KAZ"]
[BlackTeamCountry "MGL"]

1. e4 d6 2. d4 g6 3. Nc3 Bg7 4. g3 Nc6 5. Be3 Nf6 6. h3 e5 7. Nge2 d5 8. dxe5 Nxe4 9. Qxd5 Nxc3 10. Nxc3 Bxe5 11. Qxd8+ Nxd8 12. 0-0-0 Bd7 13. Bg2 Nc6 14. Bd5 0-0 15. Ne4 Rab8 16. a3 a6 17. Ng5 Bd6 18. Ne4 Be5 19. Bh6 Bg7 20. Bg5 Kh8 21. Nf6 Bc8 22. h4 Ne7 23. Bb3 Ng8 24. Nd7 Bxd7 25. Rxd7 c5 26. Bf4 Bh6 27. Bg5 Bxg5+ 28. hxg5 Kg7 29. Rc7 Rbc8 30. Rxb7 c4 31. Ba4 Rc5 32. f4 h6 33. gxh6+ Nxh6 34. Bd7 Rd8 35. Re1 Kf8 36. Rd1 Ng8 37. Rb6 a5 38. a4 Ne7 39. Rbd6 g5 40. R6d4 gxf4 41. gxf4 Rb8 42. Bb5 Rb6 43. c3 Kg7 44. Rd6 Rxd6 45. Rxd6 Nd5 46. f5 Ne3 47. f6+ Kg6 48. Bc6 Kg5 49. Be8 Nf5 50. Rd7 Kxf6 51. Rxf7+ Ke5 52. Bd7 Ng3 53. Kb1 Ne4 54. Kc2 Nf6 55. Bb5 Nd5 56. Rd7 Nc7 57. Rd4 Nxb5 58. axb5 a4 59. b6 a3 60. bxa3 Rb5 61. Rxc4 Rxb6 62. Rd4 Rb8 63. a4 Rb7 64. Kd3 Ra7 65. Kd2 Ra8 66. Kc2 Rb8 67. Rb4 Ra8 68. Kb3 Kd5 69. Rb5+ Kc6 70. Kb4 Rh8 71. a5 Rh1 72. Rb6+ Kc7 73. c4 Rb1+ 74. Kc5 Rh1 75. Rc6+ Kb7 76. Rd6 Rh5+ 77. Rd5 Rh7 78. Kb5 Ka7 79. a6 Rc7 80. Rd6 Rh7 81. Re6 Rg7 82. Kc5 Rg5+ 83. Kb4 Rg4 84. Kb5 Rg7 85. c5 Rh7 86. Rg6 Rf7 87. Rh6 Rg7 88. Kc4 Rd7 89. Rd6 Rh7 90. Kd5 Rc7 91. Rb6 Rh7 92. Rb7+ Rxb7 93. axb7 Kxb7 94. Kd6 Kc8 95. Kc6 1-0

[Event "Olympiad Women-40"]
[Site "Istanbul"]
[Date "2012.08.31"]
[Round "4.3"]
[White "Yanjindulan, Dolgorsuren"]
[Black "Andersson, Christin"]
[Result "1-0"]
[WhiteElo "2232"]
[BlackElo "2074"]
[PlyCount "101"]
[EventDate "2012.08.28"]
[EventType "team-swiss"]
[EventRounds "11"]
[EventCountry "TUR"]
[SourceTitle "CBM 150 Extra"]
[Source "ChessBase"]
[SourceDate "2012.10.19"]
[SourceVersion "1"]
[SourceVersionDate "2012.10.19"]
[SourceQuality "1"]
[WhiteTeam "Mongolia (W)"]
[BlackTeam "Sweden (W)"]
[WhiteTeamCountry "MGL"]
[BlackTeamCountry "SWE"]

1. e4 e5 2. Nf3 d6 3. d4 exd4 4. Nxd4 Nf6 5. Nc3 Be7 6. Nde2 0-0 7. g3 Nc6 8. Bg2 Re8 9. 0-0 Be6 10. h3 Qd7 11. Kh2 Rad8 12. f4 Bc4 13. b3 Ba6 14. Re1 Kh8 15. Bb2 Ng8 16. Nd5 Bf8 17. c4 Nge7 18. a3 f5 19. Qc2 Nxd5 20. exd5 Ne7 21. Nd4 c6 22. Ne6 Rc8 23. dxc6 bxc6 24. Rad1 Rb8 25. Qc3 Ng8 26. Nxf8 Rxf8 27. Rxd6 Qf7 28. Bxc6 Nf6 29. Rde6 Rb6 30. Re7 Qg6 31. Bf3 Rd6 32. R1e6 Rxe6 33. Rxe6 Bc8 34. Re7 a6 35. Qd4 Re8 36. Qd6 Rg8 37. c5 a5 38. Bd5 Rf8 39. Bxf6 Qxf6 40. Qxf6 gxf6 41. h4 Rd8 42. Bc4 Rd2+ 43. Re2 Rd8 44. c6 Kg7 45. Re7+ Kh6 46. Kg2 Rd6 47. Bg8 Kh5 48. Rxh7+ Kg4 49. Rg7+ Kh5 50. Kh3 Rxc6 51. Rh7+ 1-0

[Event "Asian Continental op (Women) 11th"]
[Site "Ho Chi Minh City"]
[Date "2012.05.13"]
[Round "9"]
[White "Yanjindulan, Dolgorsuren"]
[Black "Nguyen, Thi Thanh An"]
[Result "1/2-1/2"]
[WhiteElo "2214"]
[BlackElo "2301"]
[PlyCount "83"]
[EventDate "2012.05.05"]
[EventType "swiss"]
[EventRounds "9"]
[EventCountry "VIE"]
[SourceTitle "CBM 148 Extra"]
[Source "ChessBase"]
[SourceDate "2012.06.22"]
[SourceVersion "1"]
[SourceVersionDate "2012.06.22"]
[SourceQuality "1"]

1. e4 c5 2. c3 d5 3. exd5 Qxd5 4. d4 Nf6 5. Nf3 e6 6. Bd3 Nc6 7. 0-0 cxd4 8. cxd4 Be7 9. Nc3 Qh5 10. Be2 Qa5 11. a3 0-0 12. Re1 Rd8 13. Be3 Nd5 14. Rc1 Nxc3 15. Rxc3 Bf6 16. b4 Qd5 17. Bc4 Qd6 18. Rd3 Ne7 19. d5 Nxd5 20. Bc5 Qc7 21. Bxd5 exd5 22. Rxd5 Be6 23. Rxd8+ Rxd8 24. Qa4 b6 25. Bd4 Be7 26. Be5 Qd7 27. Qxd7 Rxd7 28. Nd4 Bd5 29. Nf5 Bf8 30. h3 f6 31. Bf4 a5 32. Re8 Kf7 33. Rb8 Be6 34. g4 g6 35. Ne3 g5 36. Bg3 axb4 37. axb4 Bxb4 38. Rxb6 Bc5 39. Rb1 Bxe3 40. fxe3 Rd3 41. Bf2 Bd5 42. Rb6 1/2-1/2

[Event "Asian Continental op (Women) 11th"]
[Site "Ho Chi Minh City"]
[Date "2012.05.06"]
[Round "2"]
[White "Yanjindulan, Dolgorsuren"]
[Black "Ton, Nu Hong An"]
[Result "1-0"]
[WhiteElo "2214"]
[BlackElo "1997"]
[PlyCount "71"]
[EventDate "2012.05.05"]
[EventType "swiss"]
[EventRounds "9"]
[EventCountry "VIE"]
[SourceTitle "CBM 148 Extra"]
[Source "ChessBase"]
[SourceDate "2012.06.22"]
[SourceVersion "1"]
[SourceVersionDate "2012.06.22"]
[SourceQuality "1"]

1. e4 e5 2. Bc4 Nc6 3. Nf3 Nf6 4. d3 Be7 5. 0-0 d6 6. c3 Bg4 7. Re1 0-0 8. h3 Bh5 9. Nbd2 Qd7 10. Bb3 Rfe8 11. Nf1 Na5 12. Bc2 Bf8 13. Bg5 c5 14. Bxf6 gxf6 15. Ne3 Kh8 16. g4 Bg6 17. Nd5 Re6 18. Nh4 b5 19. Nf5 Bg7 20. Nxg7 Kxg7 21. f4 exf4 22. Rf1 c4 23. Nxf4 Re5 24. d4 Rg5 25. Nd5 Rxd5 26. exd5 Re8 27. Bf5 Qc7 28. Qf3 Qd8 29. h4 Bxf5 30. Qxf5 Re3 31. g5 fxg5 32. Qxf7+ Kh8 33. h5 g4 34. Qf8+ Qxf8 35. Rxf8+ Kg7 36. Ra8 1-0

[Event "Asian Continental op (Women) 11th"]
[Site "Ho Chi Minh City"]
[Date "2012.05.05"]
[Round "1"]
[White "Pham, Le Thao Nguyen"]
[Black "Yanjindulan, Dolgorsuren"]
[Result "1-0"]
[WhiteElo "2390"]
[BlackElo "2214"]
[PlyCount "97"]
[EventDate "2012.05.05"]
[EventType "swiss"]
[EventRounds "9"]
[EventCountry "VIE"]
[SourceTitle "CBM 148 Extra"]
[Source "ChessBase"]
[SourceDate "2012.06.22"]
[SourceVersion "1"]
[SourceVersionDate "2012.06.22"]
[SourceQuality "1"]

1. d4 Nf6 2. Bf4 g6 3. e3 Bg7 4. Nf3 0-0 5. Be2 d6 6. 0-0 Nbd7 7. h3 c5 8. a4 cxd4 9. exd4 Nh5 10. Be3 e5 11. Nc3 Re8 12. Nb5 e4 13. Nh2 Ndf6 14. g4 Nd5 15. gxh5 Bxh3 16. Qd2 Nxe3 17. Qxe3 Bxf1 18. Bxf1 a6 19. Nc3 d5 20. Rd1 Rc8 21. hxg6 hxg6 22. Qg3 g5 23. Bh3 Rc4 24. Qe3 b5 25. axb5 axb5 26. Rd2 b4 27. Ne2 Qf6 28. Ng3 Qf4 29. Nf5 Ra8 30. Ne7+ Kf8 31. Nxd5 Qd6 32. Qxe4 Re8 33. Qf3 Rxd4 34. Rxd4 Bxd4 35. Nf1 Bxb2 36. Nfe3 Bd4 37. Bf1 Re6 38. Bc4 Bxe3 39. Nxe3 Rf6 40. Nf5 Qd8 41. Qe4 Kg8 42. Bd3 Rb6 43. Ne3 Rh6 44. Qxb4 Qc7 45. Qb5 Rh5 46. Nf5 Qh2+ 47. Kf1 Qh1+ 48. Ke2 Qa8 49. Qe5 1-0

[Event "MGL-ch (Women) 44th"]
[Site "Arvaikheer"]
[Date "2012.04.10"]
[Round "13"]
[White "Yanjindulan, Dolgorsuren"]
[Black "Sarantungalag, Sengeebaatar"]
[Result "1-0"]
[WhiteElo "2205"]
[BlackElo "1991"]
[PlyCount "87"]
[EventDate "2012.04.01"]
[EventType "tourn"]
[EventRounds "13"]
[EventCountry "MGL"]
[SourceTitle "EXT 2013"]
[Source "ChessBase"]
[SourceDate "2012.11.22"]
[SourceVersion "1"]
[SourceVersionDate "2012.11.22"]
[SourceQuality "1"]

1. e4 c5 2. c3 d5 3. exd5 Qxd5 4. d4 Nf6 5. Nf3 Bg4 6. dxc5 Qxd1+ 7. Kxd1 e5 8. b4 e4 9. h3 Bh5 10. g4 Nxg4 11. hxg4 Bxg4 12. Nbd2 exf3 13. Bh3 f5 14. Nc4 Nc6 15. Kc2 0-0-0 16. Ne3 Bxh3 17. Rxh3 g6 18. Nc4 b5 19. cxb6 axb6 20. a4 Bg7 21. Rb1 Kb7 22. Be3 Ne5 23. Nxb6 f4 24. Bc5 g5 25. a5 g4 26. Rh5 h6 27. b5 Nd3 28. a6+ Kb8 29. Nc4 Nxc5 30. Rxc5 Rc8 31. Nb6 Rxc5 32. Nd7+ Ka8 33. Nxc5 g3 34. b6 Be5 35. a7 Bd6 36. Ne4 Be5 37. Ra1 Rc8 38. Nc5 Rxc5 39. b7+ Kxb7 40. a8Q+ Kc7 41. Ra7+ Kd6 42. Qf8+ Kd5 43. Qf7+ Ke4 44. Ra4+ 1-0

[Event "MGL-ch (Women) 44th"]
[Site "Arvaikheer"]
[Date "2012.04.05"]
[Round "5"]
[White "Lkhamsuren, Uuganbayar"]
[Black "Yanjindulan, Dolgorsuren"]
[Result "0-1"]
[WhiteElo "2167"]
[BlackElo "2205"]
[PlyCount "118"]
[EventDate "2012.04.01"]
[EventType "tourn"]
[EventRounds "13"]
[EventCountry "MGL"]
[SourceTitle "EXT 2013"]
[Source "ChessBase"]
[SourceDate "2012.11.22"]
[SourceVersion "1"]
[SourceVersionDate "2012.11.22"]
[SourceQuality "1"]

1. e4 e5 2. Nf3 Nf6 3. Nxe5 d6 4. Nf3 Nxe4 5. Nc3 Nxc3 6. dxc3 Nc6 7. Be3 Be7 8. Qd2 Be6 9. 0-0-0 Qd7 10. Kb1 a6 11. Be2 h6 12. h4 0-0-0 13. Nd4 Nxd4 14. Bxd4 Rhg8 15. c4 Qc6 16. Qc3 g5 17. hxg5 hxg5 18. Rhe1 g4 19. f3 Rde8 20. b3 Qd7 21. f4 Bf5 22. Bf1 Qc6 23. b4 Bd8 24. Qb3 Rxe1 25. Rxe1 Re8 26. Rd1 Be6 27. a4 Qe4 28. b5 c5 29. Bc3 Qxf4 30. bxa6 bxa6 31. Ka2 Bc7 32. Bd3 f5 33. Rb1 Kd7 34. Rf1 Qg5 35. Qb7 Rb8 36. Qxa6 Qg8 37. a5 Qf7 38. Rb1 Qg8 39. Rf1 Qf7 40. Rb1 Qg8 41. Rf1 Qh7 42. g3 Qh2 43. Rxf5 Qh1 44. Rf1 Qg2 45. Be1 Bd8 46. Rf8 Qh1 47. Rf1 Qh8 48. c3 Bxa5 49. Be4 Bb6 50. Qa4+ Ke7 51. Bd2 Qh2 52. Rd1 Qe2 53. Bd5 Bxd5 54. cxd5 Kd8 55. Ka1 Rb7 56. Bg5+ Kc7 57. Qc6+ Kb8 58. Qxd6+ Ka7 59. Rd2 Qf1+ 0-1

[Event "Universiad (Women) 26th"]
[Site "Shenzhen"]
[Date "2011.08.19"]
[Round "7"]
[White "Yanjindulan, Dolgorsuren"]
[Black "Nyamtuya, Unurjargal"]
[Result "1-0"]
[WhiteElo "2218"]
[BlackElo "1886"]
[PlyCount "151"]
[EventDate "2011.08.15"]
[EventType "swiss"]
[EventRounds "9"]
[EventCountry "CHN"]
[SourceTitle "CBM 143 Extra"]
[Source "ChessBase"]
[SourceDate "2011.08.29"]
[SourceVersion "1"]
[SourceVersionDate "2011.08.29"]
[SourceQuality "1"]

1. e4 e5 2. Nf3 Nc6 3. d4 exd4 4. Bc4 Nf6 5. e5 d5 6. Bb5 Ne4 7. Nxd4 Bd7 8. Bxc6 bxc6 9. 0-0 Bc5 10. Be3 0-0 11. f3 Ng5 12. f4 Ne4 13. Nd2 Nxd2 14. Qxd2 f6 15. Nb3 Bxe3+ 16. Qxe3 Qe8 17. Nc5 fxe5 18. fxe5 Bf5 19. Rf2 Qg6 20. c3 Rfe8 21. Raf1 Be4 22. e6 Re7 23. Qf4 h6 24. g4 Kh7 25. h3 a5 26. Qe5 Rae8 27. Rf7 Kg8 28. Rxe7 Rxe7 29. Qf4 Kh7 30. Nd7 Qg5 31. Qxg5 hxg5 32. Rf2 Kg8 33. Rf8+ Kh7 34. Rc8 g6 35. Rxc7 Kg7 36. Rxc6 d4 37. Rd6 dxc3 38. bxc3 Bb1 39. a3 Ba2 40. Nc5 Kf6 41. Ra6 Rc7 42. Rxa5 Bxe6 43. Ne4+ Kg7 44. Nxg5 Bg8 45. Ne4 Re7 46. Ng5 Rc7 47. Ne4 Re7 48. Nd6 Re3 49. Rc5 Rxh3 50. g5 Rd3 51. Ne8+ Kf8 52. Nf6 Be6 53. Kf2 Ke7 54. a4 Bf5 55. c4 Ra3 56. a5 Kd6 57. Rb5 Bd3 58. Rb6+ Kc5 59. Nd7+ Kxc4 60. Ne5+ Kd5 61. Nxd3 Rxd3 62. Rxg6 Ke4 63. a6 Kf4 64. a7 Ra3 65. Rg7 Kf5 66. Ke2 Ke5 67. Kd2 Kf5 68. Kc2 Ke5 69. Kb2 Ra6 70. Kb3 Kf5 71. Kb4 Ke5 72. Kb5 Ra1 73. Kb6 Ke6 74. Kb7 Rb1+ 75. Kc8 Ra1 76. Kb8 1-0

[Event "Universiad (Women) 26th"]
[Site "Shenzhen"]
[Date "2011.08.16"]
[Round "3"]
[White "Konara, Harshani"]
[Black "Yanjindulan, Dolgorsuren"]
[Result "0-1"]
[WhiteElo "1825"]
[BlackElo "2218"]
[PlyCount "70"]
[EventDate "2011.08.15"]
[EventType "swiss"]
[EventRounds "9"]
[EventCountry "CHN"]
[SourceTitle "CBM 143 Extra"]
[Source "ChessBase"]
[SourceDate "2011.08.29"]
[SourceVersion "1"]
[SourceVersionDate "2011.08.29"]
[SourceQuality "1"]

1. c4 Nf6 2. Nc3 g6 3. g3 Bg7 4. Bg2 d6 5. d3 0-0 6. Nf3 c6 7. 0-0 e5 8. Bd2 Nh5 9. Rb1 a5 10. a3 Na6 11. b4 axb4 12. axb4 Bd7 13. b5 Nc5 14. Be3 Ne6 15. Ne1 f5 16. bxc6 bxc6 17. Na4 f4 18. Bd2 Ng5 19. Nf3 Nh3+ 20. Kh1 Ra6 21. Nc3 Qc7 22. Ne4 Rfa8 23. Qb3 Nf6 24. c5+ d5 25. Nd6 Ne8 26. Qb7 R6a7 27. Qxc7 Nxc7 28. Bc3 e4 29. Ne5 f3 30. exf3 exf3 31. Bxf3 Ng5 32. Bg2 Nge6 33. Nxd7 Bxc3 34. Nb6 Rb8 35. Nd7 Rd8 0-1

[Event "MGL-ch (Women)"]
[Site "Ulaanbaatar"]
[Date "2011.04.03"]
[Round "13"]
[White "Yanjindulan, Dolgorsuren"]
[Black "Otgonjargal, Sengeravdan"]
[Result "1/2-1/2"]
[WhiteElo "1745"]
[BlackElo "2145"]
[PlyCount "83"]
[EventDate "2011.03.25"]
[EventType "tourn"]
[EventRounds "13"]
[EventCountry "MGL"]
[SourceTitle "CBM 141 Extra"]
[Source "ChessBase"]
[SourceDate "2011.05.03"]
[SourceVersion "1"]
[SourceVersionDate "2011.05.03"]
[SourceQuality "1"]

1. d4 d6 2. c4 g6 3. Nc3 Bg7 4. e4 e5 5. Nf3 Nd7 6. Be3 Ne7 7. dxe5 Nxe5 8. Nxe5 Bxe5 9. Bd4 0-0 10. Bxe5 dxe5 11. Qxd8 Rxd8 12. Nd5 Nxd5 13. exd5 Bf5 14. 0-0-0 Rac8 15. Bd3 c6 16. Bxf5 gxf5 17. dxc6 Rxd1+ 18. Kxd1 Rxc6 19. b3 Kg7 20. Ke2 Kf6 21. Rd1 Rc7 22. a4 f4 23. Rd5 Ke6 24. Kd3 f6 25. g3 Kf5 26. Rd6 Rf7 27. f3 h5 28. Ke2 fxg3 29. hxg3 Rh7 30. Ke3 Rg7 31. Kf2 Kg5 32. Ke3 f5 33. Re6 f4+ 34. gxf4+ exf4+ 35. Ke4 Rf7 36. Re5+ Kg6 37. Re6+ Kg5 38. Re5+ Kg6 39. Re6+ Kg5 40. Re5+ Kg6 41. Re6+ Kg5 42. Re5+ 1/2-1/2

[Event "MGL-ch (Women)"]
[Site "Ulaanbaatar"]
[Date "2011.04.02"]
[Round "12"]
[White "Yanjindulan, Dolgorsuren"]
[Black "Yanjindulan, Dolgorsuren"]
[Result "1/2-1/2"]
[WhiteElo "2217"]
[BlackElo "1745"]
[PlyCount "160"]
[EventDate "2011.03.25"]
[EventType "tourn"]
[EventRounds "13"]
[EventCountry "MGL"]
[SourceTitle "CBM 141 Extra"]
[Source "ChessBase"]
[SourceDate "2011.05.03"]
[SourceVersion "1"]
[SourceVersionDate "2011.05.03"]
[SourceQuality "1"]

1. e4 e6 2. d4 d5 3. Nc3 dxe4 4. Nxe4 Nd7 5. Bd3 Ndf6 6. c3 b6 7. Nxf6+ Nxf6 8. Bb5+ Bd7 9. Bxd7+ Qxd7 10. Nf3 Bd6 11. 0-0 0-0 12. Re1 h6 13. Be3 Rad8 14. Qc2 Nd5 15. a3 c5 16. Rad1 Qc7 17. Qe4 Nxe3 18. fxe3 Qe7 19. Qc2 e5 20. Qe4 Rfe8 21. dxc5 Bxc5 22. Rxd8 Qxd8 23. h3 Qd7 24. Kh1 f5 25. Qc4+ Qf7 26. Qxf7+ Kxf7 27. e4 Kf6 28. g4 g6 29. Kg2 a5 30. b4 axb4 31. axb4 Bd6 32. Nd2 Rc8 33. exf5 gxf5 34. gxf5 Kxf5 35. Ne4 Be7 36. Kf3 Rd8 37. Ng3+ Ke6 38. Ke4 Rc8 39. Ne2 Rc4+ 40. Kd3 Rh4 41. Ng1 Kd5 42. Kc2 Bd6 43. Re3 Re4 44. Rd3+ Kc6 45. Nf3 Re2+ 46. Kb3 Kc7 47. Nd2 Be7 48. Nc4 Bg5 49. Rd5 Bf4 50. b5 Re1 51. Kc2 Re2+ 52. Kd3 Rh2 53. Nxe5 Rxh3+ 54. Kc4 Bxe5 55. Rxe5 h5 56. Re6 Rg3 57. Rc6+ Kb7 58. Rh6 Rg4+ 59. Kd5 Rg5+ 60. Kc4 Rg4+ 61. Kb3 Rg5 62. Rh7+ Kc8 63. Kc4 Re5 64. Kb4 Rg5 65. c4 Rf5 66. Kc3 Rg5 67. Kd4 Rf5 68. Rg7 Rc5 69. Re7 Rg5 70. Ke4 Rc5 71. Kd4 Rg5 72. Ke3 Rc5 73. Rh7 Rxc4 74. Rxh5 Kc7 75. Rd5 Rh4 76. Kd3 Rg4 77. Re5 Kd6 78. Rh5 Rb4 79. Kc3 Rg4 80. Kb3 Rf4 1/2-1/2

[Event "MGL-ch (Women)"]
[Site "Ulaanbaatar"]
[Date "2011.04.01"]
[Round "11"]
[White "Battsetseg, Urjinbadam"]
[Black "Yanjindulan, Dolgorsuren"]
[Result "0-1"]
[WhiteElo "1651"]
[BlackElo "2217"]
[PlyCount "61"]
[EventDate "2011.03.25"]
[EventType "tourn"]
[EventRounds "13"]
[EventCountry "MGL"]
[SourceTitle "CBM 141 Extra"]
[Source "ChessBase"]
[SourceDate "2011.05.03"]
[SourceVersion "1"]
[SourceVersionDate "2011.05.03"]
[SourceQuality "1"]

1. e4 e5 2. Nf3 Nc6 3. Bb5 a6 4. Ba4 Nf6 5. 0-0 Be7 6. Re1 b5 7. Bb3 d6 8. c3 0-0 9. h3 Nb8 10. d4 Nbd7 11. Nbd2 Bb7 12. Bc2 c5 13. d5 g6 14. Nf1 Nh5 15. Bh6 Ng7 16. Ng3 Kh8 17. Qd2 Nf6 18. Bg5 Bc8 19. Rad1 a5 20. Nxe5 dxe5 21. d6 Be6 22. dxe7 Qxe7 23. Qe2 c4 24. Kh1 Nge8 25. f4 exf4 26. e5 fxg3 27. exf6 Qc5 28. Bh6 Rg8 29. Qf3 Ra6 30. Rd8 Qf2 31. Qe4 0-1

[Event "MGL-ch (Women)"]
[Site "Ulaanbaatar"]
[Date "2011.03.29"]
[Round "6"]
[White "Yanjindulan, Dolgorsuren"]
[Black "Enkhtuul, Altanulzii"]
[Result "1-0"]
[WhiteElo "2217"]
[BlackElo "1834"]
[PlyCount "79"]
[EventDate "2011.03.25"]
[EventType "tourn"]
[EventRounds "13"]
[EventCountry "MGL"]
[SourceTitle "CBM 141 Extra"]
[Source "ChessBase"]
[SourceDate "2011.05.03"]
[SourceVersion "1"]
[SourceVersionDate "2011.05.03"]
[SourceQuality "1"]

1. e4 d5 2. exd5 Nf6 3. d4 Nxd5 4. Nf3 g6 5. c4 Nb6 6. Nc3 Bg7 7. Be3 0-0 8. h3 Nc6 9. Qd2 e5 10. d5 Nd4 11. Nxd4 exd4 12. Bxd4 Re8+ 13. Be3 Bh6 14. 0-0-0 Bxe3 15. fxe3 Bf5 16. g4 Be4 17. Rh2 Qg5 18. Rf2 Rad8 19. Rf4 f5 20. gxf5 gxf5 21. Bd3 Bxd3 22. Qxd3 Nd7 23. h4 Qf6 24. Rxf5 Rxe3 25. Rg1+ Kh8 26. Rxf6 Rxd3 27. Rf7 Rd4 28. Rgg7 Nf6 29. Rxc7 Rxh4 30. Rgf7 Ng4 31. Rce7 Rh6 32. Ne4 Rh1+ 33. Kd2 Rh2+ 34. Kc3 Rh3+ 35. Kb4 Ne3 36. Nf6 Nc2+ 37. Ka4 b5+ 38. Ka5 bxc4 39. Rxh7+ Rxh7 40. Rxh7# 1-0

[Event "MGL-ch (Women)"]
[Site "Ulaanbaatar"]
[Date "2011.03.26"]
[Round "3"]
[White "Lkhamsuren, Uuganbayar"]
[Black "Yanjindulan, Dolgorsuren"]
[Result "1-0"]
[WhiteElo "2174"]
[BlackElo "1745"]
[PlyCount "77"]
[EventDate "2011.03.25"]
[EventType "tourn"]
[EventRounds "13"]
[EventCountry "MGL"]
[SourceTitle "CBM 141 Extra"]
[Source "ChessBase"]
[SourceDate "2011.05.03"]
[SourceVersion "1"]
[SourceVersionDate "2011.05.03"]
[SourceQuality "1"]

1. e4 e6 2. d4 d5 3. e5 c5 4. c3 Nc6 5. Nf3 Qb6 6. a3 Bd7 7. b4 cxd4 8. cxd4 Rc8 9. Be3 Nge7 10. Bd3 Nf5 11. Bxf5 exf5 12. 0-0 Be7 13. Qd3 0-0 14. Nc3 Be6 15. Ne2 Qd8 16. Ng3 Qd7 17. Rac1 a6 18. Nd2 f6 19. f4 fxe5 20. fxe5 Na7 21. Nb3 Rxc1 22. Bxc1 Nb5 23. Nc5 Bxc5 24. bxc5 Nc7 25. Ne2 Qb5 26. Qxb5 Nxb5 27. a4 Nc7 28. Nc3 Rc8 29. Bf4 Na8 30. Rb1 Rc7 31. Ne2 h6 32. h4 Re7 33. Nc3 Kf7 34. Kf2 Rc7 35. a5 Re7 36. h5 Ke8 37. c6 bxc6 38. Rb8+ Kf7 39. Rxa8 1-0